Footballers who scored over 100 goals in the EPL - Statistics

General Stats
  • This quiz has been taken 183 times
    34 since last reset
  • The average score is 6 of 16
Answers on the Grid
Answers color-coded by a green-red scale on the quiz's grid according to % correct below.
Les Ferdinand
Emile Heskey
Andriy Shevchenko
Teddy Sheringham
Jamie Vardy
Alvaro Morata
Eden Hazard
Romelu Lukaku
Dimitar Berbatov
Raheem Sterling
Dennis Bergkamp
Andrey Arshavin
Nani
Diego Costa
Steven Gerrard
Didier Drogba
Andy Cole
Ruud Gullit
Dion Dublin
Darren Bent
Erling Haaland
Carlos Tévez
Eric Cantona
Robbin Fowler
Sergio Agüero
Michael Owen
Roberto Firmino
Alexis Sánchez
Paul Scholes
Ruud van Nistelrooy
 
Answer Stats
Answer % Correct
Sergio Agüero
87%
Erling Haaland
57%
Andy Cole
48%
Jamie Vardy
48%
Romelu Lukaku
48%
Didier Drogba
43%
Michael Owen
39%
Paul Scholes
35%
Raheem Sterling
35%
Steven Gerrard
35%
Les Ferdinand
30%
Robbin Fowler
30%
Teddy Sheringham
30%
Emile Heskey
22%
Darren Bent
17%
Dion Dublin
17%
No matching quizzes found
Score Distribution
Percent of People with Each Score
Percentile by Number Answered
Your Score History
You have not taken this quiz since the last reset